Regulations 68 (1924 edition) relating to estate tax under Revenue Act of 1924.

Bibliographic Details
Format: Government Document eBook
Language:English
Published: [Washington, D.C.] : U.S. Government Printing Office, 1925.
Series:Internal Revenue Regs., Series 7, No. 68
Subjects:
Online Access:Connect to the full text of this electronic document

MARC

Tag First Indicator Second Indicator Subfields
LEADER 00000cam a22000001a 4500
001 in00003688921
005 20190408173651.0
006 m o d f
007 cr bn mmmapmmp
008 030810s1925 dcu o f001 0 eng d
035 |a ebd191002331 
040 |a UMI  |c UMI  |d UtOrBLW 
086 0 |a T 1.11/2:47/14-2 
086 0 |a T 22.17:68 
099 |a T22.17-68 
245 0 0 |a Regulations 68 (1924 edition) relating to estate tax under Revenue Act of 1924. 
264 1 |a [Washington, D.C.] :  |b U.S. Government Printing Office,  |c 1925. 
300 |a 1 online resource (vii, 137 pages) 
336 |a text  |b txt  |2 rdacontent 
337 |a computer  |b c  |2 rdamedia 
338 |a online resource  |b cr  |2 rdacarrier 
490 0 |a Internal Revenue Regs., Series 7, No. 68 
500 |a [With data on tax rates] 
500 |a Includes index. 
500 |a Record is based on bibliographic data in ProQuest U.S. Executive Branch Documents, 1910-1932. Reuse except for individual research requires license from ProQuest, LLC. 
533 |a Electronic reproduction.  |b [Bethesda, Md.] :  |c ProQuest,  |d 2012.  |e digital, PDF file.  |n ProQuest U.S. Executive Branch Documents, 1910-1932.  |n Mode of access: World Wide Web via ProQuest website. 
538 |a System requirements: PDF reader software. 
500 |a Electronic resource. 
650 0 |a Inheritance and transfer tax.  |0 http://id.loc.gov/authorities/subjects/sh85066396 
655 7 |a Electronic books.  |2 local 
776 1 8 |i Microfiche version:  |t Regulations 68 (1924 edition) relating to estate tax under Revenue Act of 1924  |d [Bethesda, Md.] : ProQuest,[2012]  |o CIS US Exec MF T22.17-68  |w (ProQuest)cis19111484 
856 4 0 |u http://proxy.library.tamu.edu/login?url=http://congressional.proquest.com/congressional/docview/t66.d71.t22.17-68  |z Connect to the full text of this electronic document  |t 0 
999 f f |s cd1c9538-26aa-360d-92a2-28a13a08333e  |i db87959f-fbf7-32ee-a3e1-57e67b7a5a94  |t 0 
952 f f |a Texas A&M University  |b College Station  |c Electronic Resources  |d Available Online  |t 0  |h No information provided 
998 f f |t 0  |l Available Online